<?xml version="1.0" encoding="UTF-8"?>
<record
    xmlns:xsi="http://www.w3.org/2001/XMLSchema-instance"
    xsi:schemaLocation="http://www.loc.gov/MARC21/slim http://www.loc.gov/standards/marcxml/schema/MARC21slim.xsd"
    xmlns="http://www.loc.gov/MARC21/slim">

  <leader>01015cam a2200229   4500</leader>
  <controlfield tag="001">BUCI00481491</controlfield>
  <controlfield tag="008">090521s20082008mx            000 0 spa u</controlfield>
  <datafield tag="020" ind1=" " ind2=" ">
    <subfield code="a">9789689322375</subfield>
  </datafield>
  <datafield tag="035" ind1=" " ind2=" ">
    <subfield code="a"> BUCI00481491</subfield>
  </datafield>
  <datafield tag="050" ind1="0" ind2="4">
    <subfield code="a">NA756.M6  T88 2008</subfield>
  </datafield>
  <datafield tag="111" ind1="2" ind2=" ">
    <subfield code="a">Foro de Historia y Cr&#xED;tica de la Arquitectura Mexicana :</subfield>
    <subfield code="d">Morelia 5 y 6 de noviembre de 2007 </subfield>
    <subfield code="c">Morelia, Michoac&#xE1;n, M&#xE9;xico.</subfield>
  </datafield>
  <datafield tag="245" ind1="1" ind2="0">
    <subfield code="a">La situaci&#xF3;n actual de la historiograf&#xED;a de la arquitectura mexicana /</subfield>
    <subfield code="c">Catherine  R. Ettinger Mc Enulty (Editora)</subfield>
  </datafield>
  <datafield tag="250" ind1=" " ind2=" ">
    <subfield code="a">1a. ed.</subfield>
  </datafield>
  <datafield tag="260" ind1=" " ind2=" ">
    <subfield code="a">Morelia, Mich., M&#xE9;xico :</subfield>
    <subfield code="b">Universidad Michocana de San Nicol&#xE1;s de Hidalgo, </subfield>
    <subfield code="c">2007</subfield>
  </datafield>
  <datafield tag="300" ind1=" " ind2=" ">
    <subfield code="a">285 p. :</subfield>
    <subfield code="b">il. ;</subfield>
    <subfield code="c">23 cm.</subfield>
  </datafield>
  <datafield tag="504" ind1=" " ind2=" ">
    <subfield code="a">Incluye : Bibliograf&#xED;a e &#xED;ndice</subfield>
  </datafield>
  <datafield tag="650" ind1=" " ind2="7">
    <subfield code="a">Arquitectura </subfield>
    <subfield code="x">Historia y cr&#xED;tica </subfield>
    <subfield code="z">Michoac&#xE1;n</subfield>
  </datafield>
  <datafield tag="651" ind1=" " ind2=" ">
    <subfield code="a">Morelia, Michoac&#xE1;n, M&#xE9;xico </subfield>
    <subfield code="x">Arquitectura</subfield>
  </datafield>
  <datafield tag="700" ind1="1" ind2=" ">
    <subfield code="a">Ettinger Mc Enulty, Catherine R.  ed.</subfield>
  </datafield>
  <datafield tag="710" ind1="2" ind2=" ">
    <subfield code="a">Universidad Nacional Aut&#xF3;noma de M&#xE9;xico.</subfield>
  </datafield>
  <datafield tag="710" ind1="2" ind2=" ">
    <subfield code="a">Universidad Michocana de San Nicol&#xE1;s de Hidalgo</subfield>
  </datafield>
  <datafield tag="942" ind1=" " ind2=" ">
    <subfield code="2">lcc</subfield>
    <subfield code="c">LIB</subfield>
  </datafield>
  <datafield tag="999" ind1=" " ind2=" ">
    <subfield code="c">136614</subfield>
    <subfield code="d">136614</subfield>
  </datafield>
  <datafield tag="952" ind1=" " ind2=" ">
    <subfield code="1">0</subfield>
    <subfield code="2">lcc</subfield>
    <subfield code="4">0</subfield>
    <subfield code="7">0</subfield>
    <subfield code="a">UCIH</subfield>
    <subfield code="b">UCIH</subfield>
    <subfield code="c">GENERAL</subfield>
    <subfield code="d">2017-09-11</subfield>
    <subfield code="f">1a. ed.</subfield>
    <subfield code="h">BCU000019679</subfield>
    <subfield code="k">IT</subfield>
    <subfield code="o">NA756.M6 T88 2008</subfield>
    <subfield code="p">BCU000019679</subfield>
    <subfield code="r">2017-09-11 00:00:00</subfield>
    <subfield code="t">1</subfield>
    <subfield code="y">LIB</subfield>
  </datafield>
</record>
